Представление документа в формате RUSMARC

ПолеНазваниеЗначение
  Тип записи a
  Библиографический уровень a
001 Контрольный номер UONB/MAIN/dc2dc2d2a6a44976810902649c23c364
005 Дата корректировки 20260408153342.1
100 Данные общей обработки __
a Данные общей обработки 20260408 ||| 0rusy0189 ca
101 Язык документа 0_
a Язык текста rus
102 Страна публикации __
a Страна публикации RU
200 Заглавие и сведения об ответственности 1_
a Заглавие Память сердца
e Сведения, относящиеся к заглавию некролог
203 Вид содержания и тип средства __
a Вид содержания Текст
b Характеристика содержания визуальный
c Тип средства непосредственный
215 Физическое описание __
c Иллюстрации/тип воспроизводства ил., портр.
330 Аннотация __
a Аннотация Александр Павлович Бурлаков - учитель мордовского языка Старопичеурской средней школы.
461 Уровень набора _0
1 2000
a Искра
463 Уровень физической единицы _0
1 2000
a № 13 (9952) (1 апреля)
v С. 12
1 2101
d 2026
1 001UONB/MAIN/17bde1f8cdec4a74bb888b7201e667e1
600 Персоналии _1
a Персоналии (Фамилия) Бурлаков
b Персоналии (Имя, инициалы) А. П.
g Полное имя Александр Павлович
601 Наименование организации как предмет 02
a Наименование организации как предмет Старопичеурская средняя школа
607 Географические рубрики __
a Географическое наименование Старый Пичеур, село (Павловский район ; Ульяновская область)
610 Ключевые слова 0_
a Ключевые слова некрологи; учителя; учителя мордовского языка; биографии учителей
686 Индексы других классификаций __
2 Код системы rubbk
a Классификационный индекс 74.037-8
801 Источник записи _0
a Страна RU
b Организация Ульяновская ОНБ
c Дата составления 20260408
g Правила каталогизации RCR
801 Источник записи _1
a Страна RU
b Организация Ульяновская ОНБ
c Дата составления 20260408
g Правила каталогизации RCR
901 Тип документа __
t Тип документа f
w Контрольный № источника UONB/MAIN/17bde1f8cdec4a74bb888b7201e667e1
909 Создатель записи __
a Создатель записи Мухаметжанова
b Дата создания записи 20260408